000 00456nam a2200145Ia 4500
008 191206s9999 xx 000 0 und d
020 _a0786883367 (pbk.)
090 _aHF554885C372
245 0 _aDon't sweat the small stuff at work: Simple ways to minimize stress and conflict while bringing out the best in yourself and others
250 _a1st ed.
260 _aHyperion
260 _ccc1998
300 _a284 p. ; 17 cm.
999 _c15838
_d15838